000 00427nam a2200157 4500
020 _a9788119443192
082 _aM 792.3
_bHAR/R
245 _aRamayanam koothu:
_bkoodiyattathe pattiyulla kozhikodan granthavari rekhakal/
_cby Haridas V V (ed.)
260 _aKozhikode:
_bAtma Books,
_c2023.
300 _a148p.
650 _aKoodiyattam
650 _aKoothu
650 _aArts
700 _aHaridas V V (ed.)
942 _cBK
999 _c181857
_d181857